Statistiques concernant Émissions de dioxyde de carbone par pays

Cliquez ici pour prendre le quiz!

Statistiques générales

  • Ce quiz a été pris 1,719 fois
  • Le résultat moyen est 17 sur 20

Statistiques - réponses

% du total pays croissance % Correct
29,2%Chine+ 352%
100%
14,0%Etats-Unis+ 1%
100%
0.93%France- 12%
99%
2,17%Allemagne- 23%
96%
4,65%Russie- 30%
96%
7,09%Inde+ 287%
96%
1,29%Brésil+ 115%
94%
3,47%Japon+ 7%
94%
1,03%Royaume-Uni- 36%
90%
1,23%Mexique+ 53%
90%
1,89%Canada+ 22%
90%
1.00%Italie- 15%
88%
1,16%Australie+ 50%
84%
1,48%Indonésie+ 232%
75%
1,69%Corée du Sud+ 125%
71%
1,45%Arabie Saoudite+ 208%
68%
1,09%Afrique du Sud+ 46%
66%
1,80%Iran+ 219%
64%
0.83%Pologne- 17%
64%
1,03%Turquie+ 146%
63%

Distribution des résultats

Percentile by Number Answered

% des personnes avec chaque résultat

Votre développement - résultats

Vous n’avez pas pris ce quiz